000 00808nam a2200133Ia 4500
008 171212s9999 xx 000 0 und d
020 _a9780833035356
100 _aGonzalez, Edward;McCarthy, Kevin F.;Constant, Louay;Gonzalez, Gabriella;Tanner, Jeffery C.;Hoffman, Bruce
245 _cGonzalez, Edward;McCarthy, Kevin F.;Constant, Louay;Gonzalez, Gabriella;Tanner, Jeffery C.;Hoffman, Bruce
_aCuba After Castro
_bLegacies, Challenges, and Impediments
260 _bRAND Corporation
_c2004
650 _aCuba -- Politics and government -- 1959–; Cuba -- Social conditions -- 1959–; Social problems -- Cuba -- History -- 20th century; Cuba -- Economic conditions -- 1990–; Cuba -- Forecasting; Economic forecasting -- Cuba
650 _aPolitical Science
856 _uwww.jstor.org/stable/10.7249/mg111rc
999 _c351914
_d351914